Kịch Entơni và Cliơpatrơ

Spremljeno u:
Bibliografski detalji
Glavni autor: Secxpia, Wiliam
Daljnji autori: Dương Tường (Dịch)
Format: Knjiga
Jezik:Vietnamese
Izdano: H. Văn học 1987
Serija:Tủ sách văn học mỗi nhà. Văn học nước ngoài
Teme:
Anh
Oznake: Dodaj oznaku
Bez oznaka, Budi prvi tko označuje ovaj zapis!
Thư viện lưu trữ: Mạng thư viện Đại học Đà Nẵng
LEADER 00936nam a2200337 4500
001 000004645
003 785
005 20110802140837.0
008 110802s1987 viesd
020 |c 8000đ 
041 0 |a vie 
082 |a 821  |b SEC 
100 0 |a Secxpia, Wiliam 
245 0 |a Kịch Entơni và Cliơpatrơ  |c Wiliam Secxpia; Người dịch: Dương Tường 
260 |a H.  |b Văn học  |c 1987 
300 |a 172tr.  |c 19cm 
490 |a Tủ sách văn học mỗi nhà. Văn học nước ngoài 
653 |a Anh 
653 |a kịch bản 
653 |a Kịch Anh 
653 |a Văn học hiện đại 
700 |a Dương Tường  |e Dịch 
910 |a Huỳnh Thị Cẩm Lai  |d 02/08/2011 
OWN |a LSP 
999 |a From the UDN01 
TYP |a Monograph 
TYP |a Printed language 
980 |a Mạng thư viện Đại học Đà Nẵng